• 首页
  • 本馆介绍
  • 公告通知
  • 最新文献
  • 馆藏检索
  • 电子资源
  • 读者导购
  • 参考咨询
  • 我的图书馆
  • 登录
  • 详细信息显示
  • 放入我的书架
  • 预约/预借图书
  • 作者相关作品
  • 分类相关作品
  • 丛书相关作品
  • 出版社相关作品

书目信息

  • 表格格式
  • 工作单格式
  • 卡片格式
题名:
时间简史
    
 
作者: 埃弗斯 著 ;陈晓丹 , 安晓梅 译
分册:  
出版信息: 北京   中信出版集团股份有限公司  2018.03
页数: 159页
开本: 21cm
丛书名:
单 册:
中图分类: P19-49
科图分类:
主题词: 时间--普及读物
电子资源:
ISBN: 978-7-5086-8513-7
000 01007nam0 2200265 450
001 5739
005 20181020153910.70
010    @a978-7-5086-8513-7@b精装@dCNY48.00
100    @a20180513d2018 em y0chiy50 ea
101 1  @achi@ceng
102    @aCN@b110000
105    @aa z 000yy
200 1  @a时间简史@9shi jian jian shi@dIt's about time@f(爱尔兰)莉兹·埃弗斯(Liz Evers)著@g陈晓丹,安晓梅译@zeng
210    @a北京@c中信出版集团股份有限公司@d2018.03
215    @a159页@c图@d21cm
314    @a莉兹·埃弗斯 (Liz Evers),来自爱尔兰都柏林的作家。其作品主要包括《我告诉过你我病了:渴望一个笑容》等。
330    @a本书分为八章,内容包括:史前大陆、记录时间、计时、最好的时光、现代时间、未来时间、时空、思考时间等。
510 1  @aIt's about time@zeng
606 0  @a时间@j普及读物
690    @aP19-49@v5
701  0 @c(爱尔兰)@a埃弗斯@9ai fu si@g(Evers, Liz)@4著
702  0 @a陈晓丹@9chen xiao dan@4译
702  0 @a安晓梅@9an xiao mei@4译
801  0 @aCN@b91MARC@c20180513
905    @aMuseLib@dP19-49@e291
    
    时间简史=It's about time/(爱尔兰)莉兹·埃弗斯(Liz Evers)著/陈晓丹,安晓梅译.-北京:中信出版集团股份有限公司,2018.03
    159页:图;21cm
    
    
    ISBN 978-7-5086-8513-7(精装):CNY48.00
    本书分为八章,内容包括:史前大陆、记录时间、计时、最好的时光、现代时间、未来时间、时空、思考时间等。
●
相关链接 在E读中查询图书 在五车中查询图书 在当当中查询图书 在豆瓣中查询图书


正题名:时间简史     索取号:P19-49/291         预约/预借

序号 登录号 条形码 馆藏地/架位号 状态 备注
1 1130569   211305693   第二样本阅览室/ [索取号:P19-49/291] 在馆    
2 1130570   211305700   密集书库-物理学院/ [索取号:P19-49/291] 在馆    
3 1130571   211305719   第三借阅区/ [索取号:P19-49/291] 在馆    
唐山师范学院图书馆 欢迎您!
大连网信软件有限公司© 版权所有